Pays par capitalisation boursière - Statistiques

Statistiques générales
  • Ce quiz a été pris 75 fois
  • Le résultat moyen est 13 sur 15
Statistiques - réponses
Continent Population (millions) Capitalisation en Mds Pays % Correct
Asie 1 400 10 000 Chine
100%
Amérique 330 30 000 États-Unis
100%
Europe 83 3 000 Allemagne
99%
Europe 67 2 000 France
99%
Asie 126 6 000 Japon
99%
Océanie 25 2 000 Australie
96%
Europe 68 3 000 Royaume-Uni
96%
Amérique 38 2 000 Canada
94%
Amérique 213 1 500 Brésil
91%
Asie 52 2 000 Corée du sud
90%
Asie 1 400 2 500 Inde
90%
Europe 8.5 2 000 Suisse
83%
Asie 5.8 700 Singapour
73%
Europe 17.5 1 500 Pays-Bas
66%
Asie 7.5 4 000 Hong Kong
39%
Aucun quiz correspondant
Distribution des résultats
% des personnes avec chaque résultat
Percentile par nombre de réponses
Votre historique - résultats
Vous n’avez pas pris ce quiz